000 00598nam a2200217Ia 4500
003 OSt
005 20220926043705.0
006 a|||||r|||| 00| 0
007 ta
008 220923b |||||||| |||| 00| 0 eng d
037 _cGeneral Book
040 _aRTL
_cRTL
_beng
041 _2eng
_aeng
082 _aY3
100 _aJyrkila Faina
_9348102
245 0 _aSociety and adjustment to old age
_b A sociological
490 _aTransactin of the Westermarck Society,5
650 _aMarriage and Kinship
_9230715
942 _hY3
_cGB
_2CC
999 _c672926
_d672926